000 00523nam a22001697a 4500
005 20251108165534.0
008 250721s1991 xx 000 0 ara d
082 1 4 _aم/413.125/سجل
245 1 0 _aسجل أسماء العرب /
264 1 _aبيروت :
_bمكتبة لبنان،
_c1991.
300 _a4مج
490 0 _aموسوعة السلطان قابوس لأسماء العرب ؛ 2
650 1 7 _aالأسماء العربية
650 1 7 _aمعاجم المفردات
942 _2ddc
_cREF
999 _c30263
_d30263